[Event "ICS rated blitz match"]
[Site "204.178.125.65"]
[Date "2000.07.19"]
[Round "?"]
[White "PostModernist"]
[Black "Hossa"]
[Result "1/2-1/2"]
[WhiteElo "2482"]
[BlackElo "2468"]
[PlyCount "253"]
[EventDate "2000.??.??"]

1. d4 Nf6 2. c4 e6 3. Nf3 b6 4. g3 Ba6 5. b3 Bb4+ 6. Bd2 Bxd2+ 7. Qxd2 Bb7 8.
Bg2 O-O 9. O-O Be4 10. Nc3 Nc6 11. g4 d5 12. g5 Ne8 13. Rac1 Qd7 14. Qf4 f5 15.
cxd5 exd5 16. Ne5 Nxe5 17. dxe5 Bxg2 18. Kxg2 d4 19. Nb1 c5 20. Nd2 Nc7 21. Nf3
Nd5 22. Qh4 Qe6 23. Rc4 f4 24. Qh3 Rf5 25. Re1 a5 26. a3 Rd8 27. Qg4 Ne7 28. e4
fxe3 29. fxe3 dxe3 30. Rxe3 Nd5 31. Rd3 Rdf8 32. Re4 Qc6 33. Kh1 Nf4 34. Rde3
Qd5 35. g6 Nxg6 36. Kg2 Nf4+ 37. Kg3 h5 38. Qxf4 Rxf4 39. Rxf4 Rxf4 40. Kxf4
Qe6 41. Rc3 a4 42. bxa4 Qg4+ 43. Ke3 g5 44. Kf2 Qf5 45. Re3 g4 46. e6 gxf3 47.
e7 Qc2+ 48. Kxf3 Qd1+ 49. Kf2 Qd2+ 50. Re2 Qxe2+ 51. Kxe2 Kf7 52. Kd3 Kxe7 53.
Kc4 h4 54. a5 bxa5 55. Kxc5 Kf6 56. Kb5 a4 57. Kxa4 Kf5 58. Kb5 Kg4 59. a4 Kh3
60. a5 Kxh2 61. a6 h3 62. a7 Kg1 63. a8=Q h2 64. Qg8+ Kh1 65. Qh7 Kg2 66. Qg6+
Kh1 67. Qb1+ Kg2 68. Qe4+ Kg1 69. Qe3+ Kh1 70. Kc6 Kg2 71. Qe4+ Kg1 72. Qg4+
Kh1 73. Qf3+ Kg1 74. Qg3+ Kh1 75. Qh3 Kg1 76. Kc7 h1=Q 77. Qe3+ Kh2 78. Qe5+
Kh3 79. Qf5+ Kg3 80. Qg5+ Kh3 81. Qh5+ Kg2 82. Qd5+ Kh2 83. Qd6+ Kh3 84. Qh6+
Kg2 85. Qd2+ Kh3 86. Qc3+ Kg4 87. Qd4+ Kh3 88. Qh8+ Kg2 89. Qa8+ Kh2 90. Qg8
Kh3 91. Qh7+ Kg2 92. Qe4+ Kh2 93. Qf4+ Kh3 94. Qh6+ Kg2 95. Qg6+ Kh2 96. Qg7
Kh3 97. Qg5 Kh2 98. Qg4 Qf1 99. Kd8 Kh1 100. Qh5+ Kg2 101. Qg6+ Kh2 102. Qd6+
Kh3 103. Qh6+ Kg4 104. Qg6+ Kh4 105. Kc7 Kh3 106. Qh7+ Kg4 107. Qg7+ Kh4 108.
Qh8+ Kg5 109. Qg8+ Kh5 110. Qe8+ Kh6 111. Qe6+ Kh7 112. Qe4+ Kh8 113. Qh4+ Kg8
114. Qg5+ Kh8 115. Kb6 Kh7 116. Qh5+ Kg8 117. Qg6+ Kh8 118. Qg3 Kh7 119. Qg5
Kh8 120. Kc5 Qh1 121. Qf6+ Kg8 122. Qg6+ Kf8 123. Qe6 Kg7 124. Qg4+ Kh7 125.
Qf5+ Kh6 126. Qf4+ Kh7 127. Qf5+ 1/2-1/2

[Event "ICS rated standard match"]
[Site "204.178.125.65"]
[Date "2000.07.19"]
[Round "?"]
[White "Hossa"]
[Black "old-e"]
[Result "1-0"]
[WhiteElo "2308"]
[BlackElo "1905"]
[PlyCount "87"]
[EventDate "2000.??.??"]

1. d4 Nf6 2. c4 c5 3. d5 e5 4. Nc3 d6 5. e4 Be7 6. h3 Nbd7 7. Nf3 a6 8. Be2 Nf8
9. O-O Ng6 10. a4 h6 11. a5 b6 12. axb6 Qxb6 13. Ra3 Rb8 14. Qa4+ Kf8 15. Bd1
Nh7 16. Rb3 Qc7 17. Rxb8 Qxb8 18. Qa5 Ng5 19. Be2 Nf4 20. Bxf4 exf4 21. Rb1
Nxf3+ 22. Bxf3 g6 23. Bg4 Kg7 24. Bxc8 Qxc8 25. Qb6 Rd8 26. Ra1 Rd7 27. Qxa6
Qxa6 28. Rxa6 Kf6 29. Nb5 Ke5 30. f3 f5 31. Ra7 Rxa7 32. Nxa7 fxe4 33. Nc6+ Kf6
34. fxe4 Bf8 35. Kf2 g5 36. Kf3 h5 37. b4 cxb4 38. Nxb4 Bh6 39. Nd3 Bg7 40. c5
dxc5 41. Nxc5 Ke5 42. Nd3+ Kd4 43. Nb4 Be5 44. Nc6+ {old-e resigns} 1-0

[Event "ICS rated blitz match"]
[Site "204.178.125.65"]
[Date "2000.07.19"]
[Round "?"]
[White "Hossa"]
[Black "PostModernist"]
[Result "0-1"]
[WhiteElo "2469"]
[BlackElo "2481"]
[PlyCount "146"]
[EventDate "2000.??.??"]

1. d4 Nf6 2. c4 g6 3. Nc3 d5 4. cxd5 Nxd5 5. Nf3 Bg7 6. e4 Nxc3 7. bxc3 c5 8.
Bb5+ Nc6 9. O-O cxd4 10. cxd4 O-O 11. Bxc6 bxc6 12. Rb1 Bg4 13. Rb7 Qc8 14. Rb3
Bxf3 15. Rxf3 Qe6 16. Qc2 Rfd8 17. Be3 Bxd4 18. Bh6 Rab8 19. Rb3 Rxb3 20. axb3
Qf6 21. Qc1 Rb8 22. Qc4 e5 23. Bd2 c5 24. Qa4 a6 25. Qa2 Qc6 26. Qc2 Qb5 27.
Qc4 Rb6 28. Qd5 Qxb3 29. Qd8+ Kg7 30. Bg5 h6 31. Be7 Kh7 32. Bd6 Rb5 33. Qf6
Qe6 34. Qxe6 fxe6 35. g4 c4 36. Rc1 c3 37. Ba3 Rb3 38. Be7 Rb2 39. Rf1 c2 40.
Rc1 Bc3 41. Ba3 Ra2 42. Kf1 a5 43. Ke2 Rxa3 44. Rxc2 Bd4 45. h4 Rh3 46. Rc7+
Kh8 47. g5 Rxh4 48. Rc8+ Kg7 49. Rc7+ Kf8 50. gxh6 Rxh6 51. Rc8+ Kf7 52. Ra8
Rh2 53. Rxa5 Rxf2+ 54. Kd3 Rf3+ 55. Kd2 Rb3 56. Ra2 Re3 57. Ra8 Rxe4 58. Rb8
Rf4 59. Rd8 g5 60. Kd3 g4 61. Rd7+ Kf6 62. Rd8 Kg7 63. Rc8 g3 64. Rc7+ Rf7 65.
Rc6 g2 66. Rxe6 g1=Q 67. Re7 Qg6+ 68. Kd2 Qg2+ 69. Kd3 Rxe7 70. Kc4 Qc2+ 71.
Kd5 Rd7+ 72. Ke6 Qc6+ 73. Kf5 Qg6# {Hossa checkmated} 0-1

[Event "ICS rated standard match"]
[Site "204.178.125.65"]
[Date "2000.07.19"]
[Round "?"]
[White "MM3Quick"]
[Black "Hossa"]
[Result "1-0"]
[WhiteElo "2226"]
[BlackElo "2325"]
[PlyCount "129"]
[EventDate "2000.??.??"]

1. e4 e5 2. Nf3 Nc6 3. Be2 Nf6 4. d3 Be7 5. Bg5 d6 6. Nc3 O-O 7. Qd2 Bd7 8.
O-O-O a5 9. Kb1 Nd4 10. Rdg1 a4 11. h4 a3 12. b3 Nxe2 13. Qxe2 c6 14. h5 Ng4
15. Bxe7 Qxe7 16. Nd2 b5 17. f3 Nh6 18. g4 f6 19. Nd1 d5 20. Ne3 d4 21. Nf5 Qc5
22. Nxh6+ gxh6 23. Qe1 Qc3 24. Qc1 c5 25. f4 exf4 26. Rf1 f3 27. Rxf3 Ra7 28.
Rhf1 Be6 29. e5 Bd5 30. Ne4 Bxe4 31. dxe4 d3 32. exf6 Rxf6 33. Rxd3 Qb2+ 34.
Qxb2 Rxf1+ 35. Qc1 Rxc1+ 36. Kxc1 Rc7 37. Kd2 b4 38. Rd5 Kf7 39. Kd3 Rc8 40.
Kc4 Re8 41. Rf5+ Kg7 42. e5 Rc8 43. e6 Rb8 44. e7 Re8 45. Re5 Kf6 46. Kd5 Rxe7
47. Rxe7 Kxe7 48. Kxc5 Ke6 49. Kxb4 Ke5 50. c4 Kf4 51. c5 Kxg4 52. c6 Kf5 53.
c7 Ke6 54. c8=Q+ Ke5 55. Qc7+ Ke4 56. Qxh7+ Kf4 57. Qxh6+ Kf5 58. Qd6 Ke4 59.
h6 Ke3 60. h7 Kf3 61. Qe7 Kf4 62. h8=Q Kg4 63. Qf7 Kg3 64. Qhg8+ Kh3 65. Qfh7#
{Hossa checkmated} 1-0

[Event "ICS rated blitz match"]
[Site "204.178.125.65"]
[Date "2000.07.19"]
[Round "?"]
[White "Tinker"]
[Black "Hossa"]
[Result "1-0"]
[WhiteElo "2551"]
[BlackElo "2454"]
[PlyCount "51"]
[EventDate "2000.??.??"]

1. e4 e5 2. d4 exd4 3. c3 dxc3 4. Nxc3 Nc6 5. Bb5 a6 6. Bxc6 bxc6 7. Nge2 a5 8.
O-O Ba6 9. Qd4 Nf6 10. Re1 c5 11. Qe3 d6 12. Qg3 Qc8 13. e5 Ng4 14. Bf4 Rb8 15.
exd6 f5 16. Na4 cxd6 17. Bxd6 Rb4 18. a3 Bxd6 19. Qxd6 Re4 20. Nec3 Kf7 21.
Nxe4 fxe4 22. Rxe4 Nf6 23. Re7+ Kg6 24. Qg3+ Ng4 25. Nxc5 Bc4 26. Rd1 {
Hossa resigns} 1-0

[Event "ICS rated blitz match"]
[Site "204.178.125.65"]
[Date "2000.07.19"]
[Round "?"]
[White "Hossa"]
[Black "Tinker"]
[Result "0-1"]
[WhiteElo "2442"]
[BlackElo "2563"]
[PlyCount "156"]
[EventDate "2000.??.??"]

1. d4 d5 2. Nf3 Bf5 3. c4 e6 4. Nc3 Nc6 5. cxd5 exd5 6. Bf4 Nf6 7. e3 Bb4 8. a3
Bxc3+ 9. bxc3 O-O 10. Nd2 Qe7 11. Be2 Nd8 12. Be5 c5 13. Qb3 Nd7 14. Qxd5 Nxe5
15. Qxe5 Qxe5 16. dxe5 Re8 17. f4 Ne6 18. Nc4 Bc2 19. Nd6 Re7 20. Kd2 Ba4 21.
Bf3 Rd8 22. Rag1 b6 23. Kc1 Nc7 24. Kb1 Rb8 25. Kb2 a5 26. h4 Rd7 27. Bg4 Rdd8
28. Bh5 Rf8 29. Bd1 Bc6 30. Rh3 b5 31. Nf5 Bd7 32. Ne7+ Kh8 33. g4 Rfe8 34. Nf5
Kg8 35. Nd6 Rf8 36. Bc2 b4 37. cxb4 axb4 38. Bb3 bxa3+ 39. Kxa3 Rb4 40. f5 Ra8+
41. Kb2 Rab8 42. e4 Ba4 43. Rgg3 c4 44. Nxc4 Rxc4 45. Rc3 Rxc3 46. Rxc3 Na6 47.
e6 Bxb3 48. Rxb3 Rxb3+ 49. Kxb3 fxe6 50. fxe6 Nc5+ 51. Kc4 Nxe6 52. Kd5 Nf4+
53. Kd6 Kf7 54. e5 Ke8 55. h5 h6 56. Kc5 Kd7 57. Kc4 Ke6 58. Kd4 Nh3 59. Ke3
Kxe5 60. Kf3 Ng5+ 61. Ke3 Ne6 62. g5 Nxg5 63. Kd3 Ne4 64. Kc4 Nf6 65. Kc3 Nxh5
66. Kd2 g5 67. Ke1 g4 68. Kd2 Ke4 69. Kc3 g3 70. Kc4 g2 71. Kc5 g1=Q+ 72. Kb4
Kd5 73. Kb3 Qb1+ 74. Kc3 Qc1+ 75. Kb3 Nf4 76. Ka4 Qb2 77. Ka5 Kc5 78. Ka4 Qa2#
{Hossa checkmated} 0-1

[Event "ICS rated standard match"]
[Site "204.178.125.65"]
[Date "2000.07.19"]
[Round "?"]
[White "Hossa"]
[Black "sondermann"]
[Result "1-0"]
[WhiteElo "2309"]
[BlackElo "2025"]
[PlyCount "45"]
[EventDate "2000.??.??"]

1. d4 Nf6 2. c4 g6 3. Nc3 Bg7 4. e4 O-O 5. Bg5 d6 6. f3 Nc6 7. Nge2 e5 8. d5
Ne7 9. Qd2 Kh8 10. O-O-O Neg8 11. g4 h6 12. Be3 a6 13. Ng3 Ne8 14. h4 f5 15.
gxf5 gxf5 16. Nxf5 Bxf5 17. exf5 Rxf5 18. Qg2 Rh5 19. Bf2 Bf6 20. Qg6 Rxh4 21.
Bd3 e4 22. Bxh4 exd3 23. Rdg1 {sondermann resigns} 1-0

[Event "ICS rated standard match"]
[Site "204.178.125.65"]
[Date "2000.07.19"]
[Round "?"]
[White "sondermann"]
[Black "Hossa"]
[Result "0-1"]
[WhiteElo "2020"]
[BlackElo "2314"]
[PlyCount "104"]
[EventDate "2000.??.??"]

1. e4 e5 2. Nf3 Nc6 3. Bb5 a6 4. Ba4 Nf6 5. O-O Be7 6. Re1 b5 7. Bb3 d6 8. c3
O-O 9. h3 Na5 10. Bc2 c5 11. d4 Qc7 12. d5 Nd7 13. Nbd2 c4 14. Nf1 Nc5 15. g4
Rb8 16. Ng3 b4 17. cxb4 Rxb4 18. Rb1 Rb8 19. Nf5 Bf6 20. Bd2 h5 21. g5 Bxf5 22.
exf5 Bd8 23. Nh4 c3 24. Qxh5 cxd2 25. g6 dxe1=Q+ 26. Rxe1 fxg6 27. fxg6 Rf4 28.
Qh7+ Kf8 29. Qh8+ Ke7 30. Qxg7+ Ke8 31. Qh8+ Kd7 32. Bf5+ Rxf5 33. Nxf5 Be7 34.
Qh7 Qd8 35. g7 Qg8 36. Qg6 Nd3 37. Re3 Nf4 38. Qg4 Nxd5 39. Nh6+ Qe6 40. Ra3
Qxg4+ 41. hxg4 Nc4 42. Ra4 Nxb2 43. Ra5 Nf6 44. g5 Ng8 45. Nf7 Ke6 46. g6 Rb6
47. Ra3 Nc4 48. Rh3 Rb1+ 49. Kg2 Kf6 50. Rh8 Kxg7 51. Rh7+ Kxg6 52. Rh8 Kxf7 {
sondermann resigns} 0-1

[Event "ICS rated standard match"]
[Site "204.178.125.65"]
[Date "2000.07.19"]
[Round "?"]
[White "Hossa"]
[Black "sondermann"]
[Result "1-0"]
[WhiteElo "2319"]
[BlackElo "2015"]
[PlyCount "42"]
[EventDate "2000.??.??"]

1. d4 Nf6 2. c4 g6 3. Nc3 Bg7 4. e4 O-O 5. Bg5 d6 6. f3 Nc6 7. Nge2 e5 8. d5
Ne7 9. Qd2 c5 10. Bh6 Bxh6 11. Qxh6 Kh8 12. O-O-O Nfg8 13. Qh4 f5 14. f4 exf4
15. Nxf4 fxe4 16. Nxe4 h6 17. Qg3 g5 18. Qc3+ Kh7 19. Ne6 Bxe6 20. dxe6 Nf5 21.
Nxd6 Nxd6 {sondermann resigns} 1-0

[Event "ICS rated standard match"]
[Site "204.178.125.65"]
[Date "2000.07.19"]
[Round "?"]
[White "sondermann"]
[Black "Hossa"]
[Result "0-1"]
[WhiteElo "2010"]
[BlackElo "2324"]
[PlyCount "114"]
[EventDate "2000.??.??"]

1. e4 e5 2. Nf3 Nc6 3. Bb5 a6 4. Ba4 Nf6 5. O-O Be7 6. Re1 b5 7. Bb3 d6 8. c3
O-O 9. h3 Na5 10. Bc2 c5 11. d4 Qc7 12. d5 Nd7 13. g4 Nb7 14. Kg2 c4 15. Nbd2
Rb8 16. Nf1 a5 17. Ne3 Nbc5 18. a4 Ba6 19. axb5 Bxb5 20. Nd2 Nd3 21. Bxd3 cxd3
22. c4 Ba6 23. Qa4 Bd8 24. Nb3 Nf6 25. f3 Bc8 26. Nxa5 Ra8 27. b4 Nd7 28. Bd2
Bh4 29. Rec1 Qb6 30. Qc6 Qb8 31. Nf5 Ra6 32. Qa4 Bd8 33. Qa3 Bxa5 34. bxa5 Nc5
35. Bb4 Bxf5 36. gxf5 Rc8 37. Bxc5 Rxc5 38. Qxd3 Rcxa5 39. Rxa5 Rxa5 40. Rb1
Ra2+ 41. Kg3 Qd8 42. h4 h5 43. Qb3 Ra8 44. Qb6 Qf8 45. Qc6 Rc8 46. Qb5 Qd8 47.
Rb4 Kf8 48. Qb6 Qd7 49. Qa6 Ke7 50. Rb7 Rc7 51. Rxc7 Qxc7 52. Qc6 Qxc6 53. dxc6
Kd8 54. Kf2 Kc7 55. Ke3 Kxc6 56. Kd3 Kc5 57. Kc3 f6 {sondermann resigns} 0-1

[Event "ICS rated standard match"]
[Site "204.178.125.65"]
[Date "2000.07.19"]
[Round "?"]
[White "Hossa"]
[Black "sondermann"]
[Result "1-0"]
[WhiteElo "2329"]
[BlackElo "2005"]
[PlyCount "56"]
[EventDate "2000.??.??"]

1. d4 Nf6 2. c4 g6 3. Nc3 Bg7 4. e4 O-O 5. Bg5 d6 6. f3 Nc6 7. Nge2 e5 8. d5
Ne7 9. Qd2 c5 10. Bh6 Nh5 11. g4 Bxh6 12. Qxh6 Ng7 13. h4 f5 14. h5 f4 15. hxg6
hxg6 16. Ng1 Kf7 17. Nh3 Rg8 18. Nxf4 exf4 19. Qxf4+ Ke8 20. Nb5 Qa5+ 21. Ke2
Qb6 22. Qxd6 Qxd6 23. Nxd6+ Kd7 24. e5 b6 25. Rh7 Ba6 26. Ke3 Ne8 27. Ne4 Rg7
28. Nf6+ Kc8 {sondermann resigns} 1-0

[Event "ICS rated standard match"]
[Site "204.178.125.65"]
[Date "2000.07.19"]
[Round "?"]
[White "foreest"]
[Black "Hossa"]
[Result "0-1"]
[WhiteElo "2105"]
[BlackElo "2333"]
[PlyCount "54"]
[EventDate "2000.??.??"]

1. c4 e5 2. Nc3 Nf6 3. g3 d5 4. cxd5 Nxd5 5. Bg2 Nb6 6. Nf3 Nc6 7. d3 Be7 8.
O-O O-O 9. a3 Be6 10. Be3 f6 11. Rc1 Nd4 12. Ne4 Bb3 13. Qd2 Nxf3+ 14. Bxf3 Bd5
15. Bc5 c6 16. Bg2 f5 17. Bxe7 Qxe7 18. Nc3 Bxg2 19. Kxg2 f4 20. b4 Qd7 21. Ne4
Qg4 22. f3 Qf5 23. Nc3 Rad8 24. a4 Rf7 25. a5 Nc4 26. Qa2 Ne3+ 27. Kh1 fxg3 {
foreest resigns} 0-1

[Event "ICS Rated standard match"]
[Site "204.178.125.65"]
[Date "2000.07.19"]
[Round "?"]
[White "Tinker"]
[Black "Hossa"]
[Result "1/2-1/2"]
[WhiteElo "2239"]
[BlackElo "2340"]
[PlyCount "143"]
[EventDate "2000.??.??"]

1. e4 e5 2. d4 exd4 3. Qxd4 Nc6 4. Qe3 Nf6 5. Nf3 Bb4+ 6. c3 Be7 7. Qf4 d5 8.
e5 Ne4 9. Nbd2 Nc5 10. Qe3 O-O 11. Be2 f6 12. exf6 Rxf6 13. Nd4 Bd6 14. N2f3
Qf8 15. Nxc6 bxc6 16. O-O Bg4 17. Qd4 Bxf3 18. Bxf3 Rxf3 19. gxf3 Qxf3 20. Qe3
Qg4+ 21. Kh1 Ne4 22. f4 Re8 23. Qf3 Qd7 24. Be3 c5 25. Rg1 Qf7 26. Rg2 c6 27.
Rag1 Bf8 28. Qh3 a5 29. f5 Qd7 30. Bf4 Re7 31. Rf1 Rf7 32. Be5 Qe8 33. Bg3 c4
34. Bf4 a4 35. Rf3 a3 36. bxa3 Bxa3 37. Be3 Be7 38. Qh5 Qb8 39. Bg1 Qb1 40. Rh3
Nf6 41. Qf3 Bc5 42. a4 Qa1 43. Qf4 Ne4 44. Rf3 Bf8 45. a5 Qxa5 46. Bd4 Bd6 47.
Qg4 Qa1+ 48. Rg1 Qb2 49. Qh4 Qc2 50. f6 g6 51. Rh3 Nd2 52. Re1 Qf5 53. Re8+ Bf8
54. Qh6 Qb1+ 55. Bg1 Qe4+ 56. Rxe4 Bxh6 57. Re6 Bg5 58. Bd4 c5 59. Re8+ Rf8 60.
Rxf8+ Kxf8 61. Bxc5+ Kg8 62. f7+ Kxf7 63. Rxh7+ Ke6 64. Bd4 Bf6 65. Bxf6 Kxf6
66. Kg2 Ne4 67. Rh3 Ke5 68. Re3 Kf4 69. Rh3 Ke5 70. Re3 Kf4 71. Rh3 Ke5 72. Re3
1/2-1/2

[Event "ICS rated standard match"]
[Site "204.178.125.65"]
[Date "2000.07.19"]
[Round "?"]
[White "Hossa"]
[Black "Tinker"]
[Result "0-1"]
[WhiteElo "2335"]
[BlackElo "2244"]
[PlyCount "78"]
[EventDate "2000.??.??"]

1. d4 d5 2. Nf3 Nf6 3. e3 e6 4. Bd3 Bd7 5. Ne5 Nc6 6. Nxd7 Qxd7 7. O-O Be7 8.
b3 e5 9. dxe5 Nxe5 10. Be2 O-O 11. Bb2 Bd6 12. c4 dxc4 13. bxc4 Qe6 14. Qc2
Neg4 15. g3 b6 16. Bd3 Ne5 17. Be2 Qh3 18. Nd2 Rfe8 19. Rfe1 Bb4 20. Bf1 Qh6
21. Bg2 Rad8 22. Bxe5 Rxe5 23. Red1 Rxe3 24. Nb3 Rxd1+ 25. Rxd1 Re5 26. Nd4 Bc5
27. Nb5 Qg5 28. Qd3 Re8 29. Nxc7 Bxf2+ 30. Kf1 Rf8 31. Nb5 Ng4 32. h3 Ne5 33.
Qe2 Be3 34. Nc7 Qxg3 35. Nd5 Bc5 36. Rd2 f5 37. Qd1 f4 38. Ne7+ Bxe7 39. Bd5+
Kh8 {Hossa resigns} 0-1

[Event "ICS rated standard match"]
[Site "204.178.125.65"]
[Date "2000.07.20"]
[Round "?"]
[White "Tinker"]
[Black "Hossa"]
[Result "0-1"]
[WhiteElo "2264"]
[BlackElo "2315"]
[PlyCount "92"]
[EventDate "2000.??.??"]

1. e4 e5 2. d4 exd4 3. Nf3 Nc6 4. Nxd4 Nf6 5. Nxc6 bxc6 6. e5 Nd5 7. Be2 Bc5 8.
c4 Nb6 9. Qd2 Qe7 10. Qg5 Qxg5 11. Bxg5 Na4 12. O-O Bd4 13. Nd2 Bxb2 14. Rab1
h6 15. Bd1 hxg5 16. Bxa4 Bc3 17. Nf3 g4 18. Rfc1 gxf3 19. Rxc3 fxg2 20. Kxg2
Rh4 21. Kg3 g5 22. f3 Kf8 23. Bc2 Ba6 24. Be4 Ke7 25. Rbc1 Rah8 26. Ra3 Bc8 27.
Rxa7 Rxh2 28. Rd1 Ke6 29. Ra8 Rb2 30. Ra5 f5 31. exf6 d5 32. Rb1 Rd2 33. f4
gxf4+ 34. Kxf4 dxe4 35. Kxe4 Kf7 36. Ra7 Re8+ 37. Kf3 Bd7 38. Rxc7 Rd3+ 39. Kf2
Kxf6 40. a4 Re4 41. a5 Rxc4 42. a6 Rc2+ 43. Kg1 Rg3+ 44. Kh1 Bg4 45. Rxc6+ Rxc6
46. Rb4 Rh3+ {Tinker resigns} 0-1

[Event "ICS Rated standard match"]
[Site "204.178.125.65"]
[Date "2000.07.20"]
[Round "?"]
[White "Hossa"]
[Black "PostModernist"]
[Result "0-1"]
[WhiteElo "2329"]
[BlackElo "2435"]
[PlyCount "64"]
[EventDate "2000.??.??"]

1. d4 Nf6 2. c4 g6 3. Nc3 d5 4. Nf3 Bg7 5. cxd5 Nxd5 6. e3 O-O 7. e4 Nxc3 8.
bxc3 c5 9. Rb1 Qc7 10. Be2 Be6 11. Rb2 Rd8 12. O-O cxd4 13. cxd4 Nc6 14. Be3
Bg4 15. Rc2 Bxf3 16. Bxf3 Bxd4 17. Bxd4 e5 18. Qc1 exd4 19. Rb2 Qe7 20. Rb5 d3
21. Rb2 Rac8 22. Qh6 Nd4 23. Bd1 Qxe4 24. Qd2 Re8 25. Qa5 Re5 26. Qxa7 Ne2+ 27.
Bxe2 dxe2 28. Rxe2 Qxe2 29. g3 Qf3 30. Qd4 Rec5 31. Qa1 Rc2 32. Qb1 Rd2 {
Hossa resigns} 0-1

[Event "ICS rated standard match"]
[Site "204.178.125.65"]
[Date "2000.07.20"]
[Round "?"]
[White "Mungo"]
[Black "Hossa"]
[Result "1-0"]
[WhiteElo "2569"]
[BlackElo "2318"]
[PlyCount "93"]
[EventDate "2000.??.??"]

1. d4 Nf6 2. c4 e6 3. Nf3 b6 4. g3 Ba6 5. b3 Bb4+ 6. Bd2 Bxd2+ 7. Qxd2 Ne4 8.
Qe3 Bb7 9. Bg2 Nf6 10. O-O O-O 11. Nc3 Na6 12. Rfd1 c5 13. dxc5 bxc5 14. Rd6
Ne8 15. Rd2 d5 16. Ne5 Nec7 17. cxd5 exd5 18. Qf4 Ne6 19. Qa4 Nb4 20. a3 Qg5
21. f4 Nxf4 22. Nf3 Qf6 23. axb4 Nxg2 24. Nd1 d4 25. Kxg2 Rfe8 26. Kg1 d3 27.
Rxd3 Rxe2 28. Nc3 c4 29. bxc4 Bxf3 30. Nxe2 Bxe2 31. Re1 Qb6+ 32. c5 Qe6 33. c6
Re8 34. Qc2 g6 35. c7 Rc8 36. Rd8+ Kg7 37. Qc3+ Kh6 38. Rxc8 Qxc8 39. Rxe2 a5
40. Re4 Qd7 41. Rh4+ Kg5 42. c8=Q Qd1+ 43. Kf2 Qc2+ 44. Qxc2 h5 45. Qd2+ Kf6
46. Qdd8+ Kg7 47. Qh8# {Hossa checkmated} 1-0

[Event "ICS rated standard match"]
[Site "204.178.125.65"]
[Date "2000.07.20"]
[Round "?"]
[White "Hossa"]
[Black "no-good"]
[Result "1-0"]
[WhiteElo "2312"]
[BlackElo "1959"]
[PlyCount "53"]
[EventDate "2000.??.??"]

1. e4 e6 2. d4 d5 3. Nd2 dxe4 4. Nxe4 Bd7 5. Nf3 Bc6 6. Ng3 Nd7 7. Bd3 Ngf6 8.
O-O Be7 9. c4 Bxf3 10. Qxf3 c6 11. b3 O-O 12. Bf4 Qa5 13. Ne4 Nxe4 14. Bxe4 Nf6
15. Bc2 Rad8 16. Rfd1 Rd7 17. a3 Rfd8 18. Be5 c5 19. d5 exd5 20. Bf5 dxc4 21.
Bxd7 Nxd7 22. Rxd7 Rxd7 23. Qg4 f6 24. Qxd7 Bf8 25. Qe6+ Kh8 26. Qe8 Kg8 27.
Bd6 {no-good resigns} 1-0

[Event "ICS rated standard match"]
[Site "204.178.125.65"]
[Date "2000.07.20"]
[Round "?"]
[White "no-good"]
[Black "Hossa"]
[Result "0-1"]
[WhiteElo "1955"]
[BlackElo "2316"]
[PlyCount "100"]
[EventDate "2000.??.??"]

1. e4 e5 2. Nf3 Nc6 3. Bb5 a6 4. Ba4 Nf6 5. O-O Be7 6. Re1 b5 7. Bb3 d6 8. h3
O-O 9. c3 Na5 10. Bc2 c5 11. d4 cxd4 12. cxd4 Nc6 13. d5 Nb4 14. Bb3 a5 15. a4
bxa4 16. Bxa4 Nd7 17. Be3 f5 18. Nc3 fxe4 19. Nxe4 Nf6 20. Nxf6+ Bxf6 21. Bc6
Rb8 22. Qa4 e4 23. Nd4 Nd3 24. Ne6 Bxe6 25. dxe6 Nxe1 26. Rxe1 Rxb2 27. Qxe4
Be5 28. Bd4 Rb4 29. Qd5 Rxd4 30. e7+ Rxd5 31. exd8=Q Rxd8 32. Bxd5+ Kf8 33. Re2
Rc8 34. g3 g6 35. f4 Bd4+ 36. Kg2 Rc5 37. Ba2 a4 38. Kf3 Rc3+ 39. Ke4 Bc5 40.
Rg2 Ke7 41. h4 h5 42. g4 hxg4 43. Rxg4 Kf6 44. Rg2 Rh3 45. h5 gxh5 46. Rb2 h4
47. f5 Re3+ 48. Kf4 Re5 49. Be6 d5 50. Rh2 Rxe6 {no-good resigns} 0-1

[Event "ICS rated standard match"]
[Site "204.178.125.65"]
[Date "2000.07.20"]
[Round "?"]
[White "Hossa"]
[Black "DarrkKnight"]
[Result "1-0"]
[WhiteElo "2320"]
[BlackElo "1936"]
[PlyCount "31"]
[EventDate "2000.??.??"]

1. e4 c6 2. d4 d5 3. Nc3 dxe4 4. Nxe4 Bf5 5. Ng3 Bg6 6. h4 h6 7. Nf3 Nd7 8. h5
Bh7 9. Bd3 Bxd3 10. Qxd3 Ngf6 11. Bd2 e6 12. O-O-O Qb6 13. Ne5 Nxe5 14. dxe5
Nd5 15. c4 Nc7 16. Ba5 {DarrkKnight resigns} 1-0

[Event "ICS rated blitz match"]
[Site "204.178.125.65"]
[Date "2000.07.20"]
[Round "?"]
[White "MissSilicon"]
[Black "Hossa"]
[Result "1-0"]
[WhiteElo "2747"]
[BlackElo "2431"]
[PlyCount "255"]
[EventDate "2000.??.??"]

1. e4 e5 2. Nf3 Nc6 3. Nc3 g6 4. d4 exd4 5. Nxd4 Bg7 6. Be3 d6 7. Nxc6 bxc6 8.
Qd2 Nf6 9. O-O-O O-O 10. e5 Ne8 11. Bg5 f6 12. Bc4+ Kh8 13. Bh4 d5 14. Rhe1 Qd7
15. exf6 Nxf6 16. Bd3 Rb8 17. Bg3 Qf7 18. Qf4 Rb7 19. Ba6 Rb6 20. Bxc8 Rxc8 21.
Na4 Rb5 22. h4 a5 23. c3 Qd7 24. Qd4 Rcb8 25. Re2 Qf7 26. Qf4 d4 27. Qxd4 Qxa2
28. Bxc7 Rd5 29. Bxb8 Kg8 30. g3 Rxd4 31. Rxd4 Bf8 32. Nb6 Qa1+ 33. Kc2 Qf1 34.
Rdd2 Bh6 35. f4 Qf3 36. Nc4 Bf8 37. Re3 Qf1 38. Nxa5 Qb5 39. Bc7 Nd5 40. Re5
Bg7 41. Re8+ Kf7 42. Rd8 Qa4+ 43. Nb3 Qe4+ 44. Rd3 Qe7 45. Ba5 Qe2+ 46. Rd2
Qe4+ 47. Kc1 Qe1+ 48. Rd1 Qxg3 49. Rd7+ Kg8 50. Rd8+ Bf8 51. h5 Qxf4+ 52. Nd2
Qe5 53. hxg6 hxg6 54. Rf1 Nf4 55. Bb4 Nd3+ 56. Kb1 Nxb4 57. Rfxf8+ Kg7 58. cxb4
Qe2 59. Kc2 Qe7 60. Rg8+ Kh6 61. Rd4 Qf7 62. Rh8+ Kg7 63. Rhd8 Kh6 64. R8d7
Qf5+ 65. Ne4 Qf1 66. b3 Qe1 67. R7d6 Qa1 68. Nc5 Qa2+ 69. Kd3 Qb1+ 70. Ke2 Qb2+
71. Ke3 Qc1+ 72. Kf2 Qh1 73. Rd7 Qh2+ 74. Ke3 Qg3+ 75. Ke4 Kg5 76. Nd3 Qg4+ 77.
Ke5 Qg3+ 78. Ke6 Qf3 79. Rf7 Qh3+ 80. Kd6 Qe3 81. Rff4 Qe8 82. Rfe4 Qb8+ 83.
Kxc6 Qc8+ 84. Kb5 Qb7+ 85. Kc4 Kh6 86. b5 Qa7 87. Re6 Qf7 88. Rde4 Qc7+ 89. Nc5
Qf7 90. Rg4 Kh5 91. Rgxg6 Qf4+ 92. Ne4 Qf1+ 93. Kb4 Qf8+ 94. Rd6 Kh4 95. b6 Qe7
96. Rge6 Qb7 97. Nc5 Qb8 98. Re4+ Kg5 99. Rd5+ Kg6 100. Re6+ Kg7 101. Rd7+ Kf8
102. Rf6+ Ke8 103. Rfd6 Qa8 104. Re6+ Kf8 105. b7 Qb8 106. Rf6+ Ke8 107. Rf8+
Kxf8 108. Ne6+ Ke8 109. Rd8+ Qxd8 110. Nxd8 Ke7 111. Nc6+ Kf6 112. b8=Q Kg6
113. Qd6+ Kf5 114. Qe5+ Kg4 115. Qe4+ Kg5 116. Qe3+ Kf5 117. Nd4+ Kf6 118. Qe6+
Kg5 119. Qf5+ Kh4 120. Qf4+ Kh5 121. Qf3+ Kh6 122. Qf6+ Kh5 123. Qf7+ Kg5 124.
Ne6+ Kg4 125. Qf4+ Kh3 126. Qf3+ Kh2 127. Nf4 Kg1 128. Qg2# {Hossa checkmated}
1-0

[Event "ICS Rated standard match"]
[Site "204.178.125.65"]
[Date "2000.07.20"]
[Round "?"]
[White "Hossa"]
[Black "BrazilianMaster"]
[Result "0-1"]
[WhiteElo "2323"]
[BlackElo "2312"]
[PlyCount "190"]
[EventDate "2000.??.??"]

1. e4 d5 2. d3 dxe4 3. Nc3 Nf6 4. Nxe4 Nxe4 5. dxe4 Qxd1+ 6. Kxd1 e5 7. Ke1 Bc5
8. Nf3 Nc6 9. c3 a6 10. Bc4 Bg4 11. Bd2 Rd8 12. Rd1 Bxf3 13. gxf3 b5 14. Bd5
Ne7 15. Bb3 O-O 16. Rg1 Rd7 17. f4 exf4 18. Bxf4 Rxd1+ 19. Bxd1 f5 20. Bb3+ Kh8
21. Bxc7 fxe4 22. Rg2 Ng6 23. Bg3 Nf4 24. Bxf4 Rxf4 25. Bd5 b4 26. cxb4 Bxb4+
27. Ke2 Bc5 28. a4 a5 29. Kd1 Bd4 30. b4 axb4 31. Kc2 h6 32. a5 Rf5 33. Bxe4
Rxa5 34. Kb3 Bc5 35. Rg6 Kg8 36. f4 Be7 37. Kc4 Rc5+ 38. Kd4 Rh5 39. Rg2 Bc5+
40. Kc4 Bd6 41. Bg6 Rc5+ 42. Kd4 Rc8 43. f5 Be7 44. Kd5 b3 45. Rb2 Rc3 46. Re2
Kf8 47. Ke6 Rc6+ 48. Kd7 Rb6 49. Re6 Rb7+ 50. Kc6 Rb4 51. Re5 Rc4+ 52. Kd7 Rd4+
53. Kc6 b2 54. Rb5 Ba3 55. f6 gxf6 56. Rb3 Kg7 57. Bb1 Rd1 58. Be4 Rc1+ 59. Kd5
Rc5+ 60. Kd4 f5 61. Bb1 Ra5 62. Kc4 f4 63. Rb7+ Kf6 64. Rb6+ Kg5 65. Rg6+ Kh5
66. Rf6 Bc5 67. Kc3 Ra1 68. Kc2 Kg5 69. Rc6 Bd4 70. Rd6 Be5 71. Rd5 Kf5 72. Rd3
Ke4 73. Rd1 f3 74. Kd2+ Kf4 75. Ke1 Bc3+ 76. Kf2 Bd2 77. Rxd2 Rxb1 78. Rd4+ Kg5
79. Rb4 Rh1 80. Kxf3 b1=Q 81. Rxb1 Rxb1 82. Kf2 Kg4 83. Ke3 Rb2 84. h3+ Kxh3
85. Kf3 h5 86. Kf4 h4 87. Kf5 Re2 88. Kf4 Kg2 89. Kg4 h3 90. Kh4 h2 91. Kh5
h1=Q+ 92. Kg6 Qh2 93. Kf6 Qd6+ 94. Kg7 Re7+ 95. Kh8 Qd8# {Hossa checkmated} 0-1